|
|
|
|
| LEADER |
00000nab a2200000 a 4500 |
| 001 |
vtls000598863 |
| 003 |
SK-MaSNL |
| 005 |
20260305034805.0 |
| 008 |
121001c1996 xo 0 slo |
| 015 |
|
|
|a SNBRB19rr/mm-uuuuu
|
| 035 |
|
|
|a CL0599002
|
| 040 |
|
|
|a SNKBUCL
|b slo
|c SNKBUCL
|e AACR2
|
| 041 |
0 |
|
|a slo
|
| 044 |
|
|
|a xo
|c SK
|
| 080 |
|
|
|a 634.8.04
|2 1981
|
| 100 |
1 |
|
|a Pospíšilová, Dorota,
|d 1930-
|4 aut
|9 194839
|
| 245 |
1 |
0 |
|a Nepodceňujme výber výsadbového materiálu
|b Rozumný vinohradník vie, že vinicu nezakladá na jednu sezónu
|c Dorota Pospíšilová
|
| 650 |
0 |
7 |
|a vinice
|2 snkbucl
|
| 650 |
0 |
7 |
|a materiál výsadbový
|2 snkbucl
|9 1616716
|
| 655 |
|
7 |
|a články z novín a časopisov
|2 snkbucl
|9 267496
|
| 773 |
0 |
|
|t Roľnícke noviny
|g Č. 226 (27. 9. 1996)
|
| 773 |
0 |
|
|t [Príl.] Agrokonzult
|g (1996), s. B7
|
| 850 |
|
|
|a Slovenská národná knižnica v Martine
|a MTA001
|
| 852 |
|
|
|a SNK
|b KIS3GCP
|
| 958 |
|
|
|a RK
|
| 992 |
|
|
|a RBX
|
| 999 |
|
|
|c 3330749
|d 3332679
|